000 00857nam a2200241 a 4500
001 BRCA_5645
005 20190320205151.0
008 180211s2006----mx-a######---#000-0#spa-#
020 _a9703511333 (CONACULTA)
020 _a9703230660 (UNAM)
041 _aspa
044 _amx
050 4 _aNA5257.M4
_b.R47 2006
245 1 0 _aRestauración de la Catedral de México
_c[coordinador editorial y textos, José Rogelio Álvarez Noguera].
260 _aMéxico
_bCONACULTA : UNAM
_c2006
300 _a156 p.
_bil. (algunas a color)
_c27 cm.
504 _aIncluye referencias bibliográficas
610 2 4 _aCatedral de México
_xHistoria
_914357
610 2 4 _aCatedral de México
_xRestauración
_914358
650 1 4 _aCatedrales
_xConservación y restauración
_zCiudad de México
_914359
700 1 _aÁlvarez Noguera, José Rogelio.
_914360
942 _2lcc
_cB
999 _c5339
_d5339